Privity of contract (Record no. 94147)
[ view plain ]
| 000 -LEADER | |
|---|---|
| fixed length control field | 00763cam a2200241 4500 |
| 008 - FIXED-LENGTH DATA ELEMENTS--GENERAL INFORMATION | |
| fixed length control field | 090401t1996 xxu||||| |||| 00| 0 eng d |
| 020 ## - INTERNATIONAL STANDARD BOOK NUMBER | |
| International Standard Book Number | 0101332920 |
| 035 ## - SYSTEM CONTROL NUMBER | |
| System control number | (Sirsi) u59415 |
| 041 ## - LANGUAGE CODE | |
| Language code of text/sound track or separate title | eng |
| 050 ## - LIBRARY OF CONGRESS CALL NUMBER | |
| Classification number | 346.41022 |
| -- | 18 |
| 110 ## - MAIN ENTRY--CORPORATE NAME | |
| Corporate name or jurisdiction name as entry element | England and Wales |
| Subordinate unit | Law Commission |
| 9 (RLIN) | 3302 |
| 245 ## - TITLE STATEMENT | |
| Title | Privity of contract |
| Remainder of title | contracts for the benefit of third parties |
| 260 ## - PUBLICATION, DISTRIBUTION, ETC. | |
| Place of publication, distribution, etc. | London |
| Name of publisher, distributor, etc. | HMSO |
| Date of publication, distribution, etc. | 1996 |
| 300 ## - PHYSICAL DESCRIPTION | |
| Extent | vii, 194p. |
| Dimensions | 30cm. |
| 350 ## - PRICE (NR) (BK AM CF MU VM SE) [OBSOLETE] | |
| Price | 18.20 |
| 490 ## - SERIES STATEMENT | |
| Series statement | Cm |
| Volume/sequential designation | 3329 |
| 490 ## - SERIES STATEMENT | |
| Series statement | Law Commission Report |
| Volume/sequential designation | 242 |
| 690 ## - LOCAL SUBJECT ADDED ENTRY--TOPICAL TERM (OCLC, RLIN) | |
| Topical term or geographic name as entry element | MANAGEMENT-DISPUTE AVOIDANCE, MANAGEMENT AND RESOLUTION |
| 700 ## - ADDED ENTRY--PERSONAL NAME | |
| Personal name | Arden, M. |
| International Standard Serial Number | Chairman |
| 856 ## - ELECTRONIC LOCATION AND ACCESS | |
| Uniform Resource Identifier | <a href="https://www.lawcom.gov.uk/190.htm#lcr242">https://www.lawcom.gov.uk/190.htm#lcr242</a> |
| Public note | View the report at www.lawcom.gov.uk... |
| 942 ## - ADDED ENTRY ELEMENTS (KOHA) | |
| Suppress in OPAC | 0 |
| 948 ## - LOCAL PROCESSING INFORMATION (OCLC); SERIES PART DESIGNATOR (RLIN) | |
| c (OCLC) | 04/03/1997 |
| Withdrawn status | Lost status | Source of classification or shelving scheme | Damaged status | Not for loan | Home library | Current library | Shelving location | Date acquired | Total Checkouts | Full call number | Barcode | Date last seen | Copy number | Price effective from | Koha item type |
|---|---|---|---|---|---|---|---|---|---|---|---|---|---|---|---|
| Dewey Decimal Classification | Virtual | Virtual | Online | 22/04/2005 | ONLINE PUBLICATION | 59415-2001 | 06/08/2019 | 1 | 06/08/2019 | Book |